000 00380nam a2200145Ia 4500
008 240624s9999 xx 000 0 und d
041 _aeng
082 _a658.4063 CHE
100 _aCHESBROUGH HENRY
245 _aOPEN SERVICES INNOVATION RETHINKING YOUR
250 _a11
260 _c2011
_aSan Francisco
_bJossey-Bass
300 _axiii, : 242 : p. : cm. ; 23
365 _c
_b27
999 _c17725
_d17725